Statistics for Државе на слово Б

Click here to take the quiz!

General Stats

  • This quiz has been taken 2 675 times
  • The average score is 11 of 17

Answer Stats

Држава% Correct
Бугарска
87%
Белгија
84%
Боливија
78%
Бразил
76%
Бангладеш
73%
Босна и Херцеговина
72%
Белорусија
71%
Боцвана
69%
Бутан
60%
Бурунди
53%
Барбадос
52%
Брунеј
51%
Белизе
49%
Бахреин
49%
Бахаме
48%
Бенин
47%
Буркина Фасо
44%

Score Distribution

Percentile by Number Answered

Percent of People with Each Score

Your Score History

You have not taken this quiz